Gaudí
Guardado en:
| Autor principal: | |
|---|---|
| Formato: | Libro |
| Lenguaje: | español |
| Publicado: |
Barcelona
Parragon
2004
|
| Materias: | |
| Etiquetas: |
Agregar Etiqueta
Sin Etiquetas, Sea el primero en etiquetar este registro!
|
MARC
| LEADER | 00000nam a2200000 a 4500 | ||
|---|---|---|---|
| 001 | UCK3051 | ||
| 003 | CL-VaPUC | ||
| 008 | 050408e20040000SP |||||||||||||||||spa|d | ||
| 020 | |a 1405435879 | ||
| 082 | 0 | 4 | |a 720.946 |b GIL |2 21 |
| 100 | 0 | |a Gill, John |e author |9 491087 | |
| 245 | 1 | 0 | |a Gaudí |
| 300 | |a 256 p | ||
| 942 | |c BK | ||
| 945 | |d 20050408 00:00:00 |a cmena | ||
| 260 | |a Barcelona |b Parragon |c 2004 | ||
| 600 | 0 | |a Gaudí i Cornet, Antoni |d 1852-1926. |9 265270 | |
| 650 | 0 | |a Arquitectos españoles |9 350193 | |
| 650 | 0 | |a Diseño arquitectónico |9 265271 | |
| 583 | |a last modification |c 20050408 00:00:00 |k Rodrigo Vera | ||
| 999 | |c 312389 |d 312387 | ||
| 952 | |0 0 |1 0 |4 0 |6 720_946000000000000_GIL_2004 |7 0 |8 A |9 382704 |a BIBHIS |b BIBHIS |d 2019-11-21 |i 4109589 |o 720.946 GIL 2004 |p 4109589 |r 2025-01-20 |w 2019-11-21 |y BK |k HIS | ||
| 952 | |0 0 |1 0 |4 0 |6 720_946000000000000_GIL_2004 |7 0 |8 A |9 382705 |a BIBHIS |b BIBHIS |d 2019-11-21 |i 4144929 |o 720.946 GIL 2004 |p 4144929 |r 2025-01-20 |w 2019-11-21 |y BK |k HIS | ||
| 952 | |0 0 |1 0 |4 0 |6 720_946000000000000_GIL_2004 |7 0 |8 A |9 382706 |a BIBHIS |b BIBHIS |d 2019-11-21 |i 4148835 |o 720.946 GIL 2004 |p 4148835 |r 2025-01-20 |w 2019-11-21 |y BK |k HIS | ||